000
00400nam a2200133Ia 4500
008
100328s9999 xx 000 0 und d
082
_b
58698
100
_a
वर्तक उषा.
245
_a
शापित राजकन्या.
260
_b
शकुन.
630
_a
शापित राजकन्या.
730
_a
शापित राजकन्या.
942
_c
BOOK
999
_c
545006
_d
545003